000
00306nam a2200109Ia 4500
008
231129s2006||||xx |||||||||||||| ||spa||
082
_a
DVD000009 791.437 D32g
245
0
_a
10 grandes películas de la historia del cine [película]
260
_c
2006
264
_a
Bogotá : Yoyo music
942
_2
ddc
_c
BKS
999
_c
4149
_d
4149